00313nam a22000977a 4500008004100000020001500041082002200056100002100078245009700099300001900196140714b xxu||||| |||| 00| 0 eng d a9711108909 aDS 675 .C243 1977 aCapino, Diosdado aRizal's Life, Works and Writings btheir impact on our national identitycDiosdado G. Capino aIncludes Index